00321nam a2200121Ia 4500008004100000041000800041082001400049100002200063245003700085260004400122300002400166365000900190240624s9999 xx 000 0 und d aeng a657.3 PET aPETERSON PAMELA P aANALYSIS OF FINANCIAL STATEMENTS c1999aPennsylvaniabJohn Wiley and Sons a280 : p. : cm. ; 24 cb30